| 000 | 00439nam a2200157 4500 | ||
|---|---|---|---|
| 001 | 112989 | ||
| 003 | ES-MaACL | ||
| 005 | 20230906185721.0 | ||
| 007 | t| | ||
| 008 | 061121s1919 sp r ||||1| spa d | ||
| 110 | 2 |
_aMuseo Provincial de Bellas Artes de La Coruña. _95915 |
|
| 245 | 1 | 0 | _aCatálogo. |
| 260 |
_aLa Coruña : _b[s.n.], _c1957 ( _fIMp. Moret) |
||
| 300 |
_a211 p. 16 lám. ; _c17 cm. |
||
| 852 |
_aES-MaACL _jC-23749 _bR.52154 |
||
| 999 |
_c112989 _d112989 |
||